000 00597nam a2200181Ia 4500
008 090123s9999 xx 000 0 und d
082 _b38676
100 _aकणेकर शिरिष मधुकर
245 _aखटलं आणि खटला
250 _a1
260 _bदिलिप प्रकाशन
_c2005
300 _a251
600 _aकणेकर शिरिष मधुकर
630 _aखटलं आणि खटला
700 _aकणेकर शिरिष मधुकर
730 _aखटलं आणि खटला
942 _cBOOK
999 _c76770
_d76770